000 00496nam a2200157Ia 4500
008 151021s9999 xx 000 0 und d
020 _a132435101
050 _aHF 5415.13.K64 1997
245 _a_Marketing Management Anaysis,planning,implimentation,and control[9th ed.] Philip Kotler
260 _aNew Jersey prentice Hall 1997
300 _axl,789p.
500 _aIncludes index
500 _aIncludes index
650 _a_Marketing -Management
980 _a^d20120808 05:36:07^oanne
999 _c12267
_d12267